000 00270nam a2200109Ia 4500
008 190216s9999||||xx |||||||||||||| ||und||
100 _aAgarwal
245 0 _aAvadhs Intelligence&Aptitude Test
260 _b"Avadh Prakashan , Agra"
650 _aReferences
942 _cREF
999 _c35796
_d35796